000 01135 a2200205 4500
001 135278
020 _a85-08-08001-8
040 _cLeonardo Da Vinci
041 _aPortuguês
082 _a574 P353b
_bP353b
100 _aPAULINO, Wilson Roberto
245 _aBiologia atual
_bcitologia, histologia
260 _bÁtica
_c2001
_aSão Paulo
300 _a383
362 _a20010000
490 _vv. 1
500 _aCom questões do enem
697 _aBiologia
_aEcossistema
_aEcologia
_aBiosfera
_aPlanetas
_aSeres vivos
_aSistema solar
_aOrigem da vida
_aEnergia
_aBiomassa
_aPopulação
_aDesequilíbrio ambiental
_aDesmatamento
_aPoluição
_aEfeito estufa
_aCamada de ozônio
_aChuva ácida
_aLixo
_aCitologia
_aQuímica
_aCélula
_aCitoplasma
_aNúcleo
_aDNA
_aCódigo genético
_aGene
_aDivisão celular
_aMitose
_aMeiose
_aReprodução
_aEmbriologia
_aHistologia
_aFisiologia
_aVírus
_aBactérias
_aProtozoários
_aAlgas
_aFungos
_aPlantas
_aInvertebrados
_aVertebrados
_aNutrição
_aCirculação
_aExcreção
_aSistema equelético
_aSistema muscular
_aSistema endócrino
_aSistema nervoso
_aSistema sensorial
_aGenética humana
_aSaúde
_aEnsino Médio
942 _cBK
999 _c135278
_d135278